000 00596n a2200193 04500
005 20241011063801.0
008 991125s1963 bar 000 0 spa u
035 _aUPN01000008579
049 _aCG
050 4 _aLB1620
_bL6.28
100 1 _aLoduchowski, Heinz
245 1 3 _aLa coeducación de los adolescentes y el problema de los "teenagers" /
_cHeinz Loduchowski ; tr. Alejandro Ros.
260 _aBarcelona, Esp. :
_bHerder,
_c1963.
300 _a146 p.
440 0 _aProblemas de pedagogía
650 7 _aCoeducación
_2
_9442
650 4 _aEducación de adolescentes
_9252
905 _aLibro
999 _c8579
_d8579